000 01520nam a22003857a 4500
001 3369177
003 OSt
005 20210419080827.0
008 871123s1983 nyu 000 1 eng
010 _a 87033086
020 _a0345308980
040 _aDLC
_cDLC
_dDLC
_dOCoLC
_dDLC
_beng
041 _aeng
050 0 0 _aPS3551.S5
_bP7 1988
080 _a821.111
_bA-84
082 0 0 _a813/.54
_219
100 1 _aAsimov, Isaac,
_d1920-1992.
245 1 0 _aFoundations's Edge
_cIsaac Asimov.
_b/ by: Ballantine Books
260 _aNew York
_bBallantine Books
_c1983
300 _a426 p.
_c24 cm.
365 _b3.95 usd
500 _a"A Foundation book."
500 _aThis, the latest of the 14 Foundation books, is reckoned by Asimov to be the 9th in terms of the chronology of the events covered. Cf. "Author's note (p. ix-x).
600 1 0 _aSeldon, Hari
_c(Fictitious character)
_vFiction.
650 0 _aLife on other planets
_vFiction.
650 0 _aEnglish literature
_9254
650 0 _aPsychohistory
_vFiction.
653 _aინგლისური ლიტერატურა
655 7 _aScience fiction.
_2gsafd
856 4 2 _3Contributor biographical information
_uhttp://www.loc.gov/catdir/enhancements/fy0703/87033086-b.html
856 4 2 _3Publisher description
_uhttp://www.loc.gov/catdir/enhancements/fy0703/87033086-d.html
856 4 1 _3Sample text
_uhttp://www.loc.gov/catdir/enhancements/fy0703/87033086-s.html
906 _a7
_bcbc
_corignew
_d1
_eocip
_f19
_gy-gencatlg
942 _2udc
_cBK
999 _c1875
_d1875